[Event "XIV Memorial Edoardo Crespi"]
[Site "Milano ITA"]
[Date "1993.12.??"]
[Round "3"]
[White "Vegetti, Emilio"]
[Black "Sbarra, Marco"]
[WhiteElo "1870"]
[BlackElo "2005"]
[Result "0-1"]
[PlyCount "90"]
[EventDate "1993.12.06"]

1. e4 e5 2. Nf3 d6 3. d4 Nf6 4. dxe5 Nxe4 5. Bc4 c6 6. O-O d5 7. Be2 Be7 8. c4
dxc4 9. Qxd8+ Bxd8 10. Bxc4 O-O 11. Re1 Nc5 12. Nc3 Nba6 13. a3 Be6 14. Bxe6
Nxe6 15. Ne4 Nac5 16. Nxc5 Nxc5 17. Be3 Be7 18. b4 Na4 19. Rad1 Rfd8 20. Nd4
Rd5 21. Nf5 Rxe5 22. Rd7 Bf8 23. Nd4 c5 24. Nf3 Re7 25. Red1 cxb4 26. axb4 a6
27. Rxe7 Bxe7 28. Rd7 Rd8 29. Rxd8+ Bxd8 30. Ne5 Be7 31. Nd3 Kf8 32. Bd4 f6 33.
Kf1 Ke8 34. Ke2 Kd7 35. Be3 Nc3+ 36. Ke1 Nd5 37. Bc5 Bxc5 38. bxc5 Kc6 39. Kd2
g6 40. g3 Ne7 41. Kc3 Kd5 42. Kb4 Nc6+ 43. Kc3 Ne5 44. Nxe5 fxe5 45. Kb4 a5+
0-1

[Event "XIV Memorial Edoardo Crespi"]
[Site "Milano ITA"]
[Date "1993.12.??"]
[Round "4"]
[White "Cappello, Guido"]
[Black "Iudicello, Marco"]
[WhiteElo "2285"]
[BlackElo "2025"]
[Result "1/2-1/2"]
[PlyCount "118"]
[EventDate "1993.12.06"]

1. d4 e6 2. c4 f5 3. g3 Nf6 4. Bg2 Be7 5. Nf3 O-O 6. O-O d5 7. b3 c6 8. Qc2 Ne4
9. Ne5 Nd7 10. Nxd7 Bxd7 11. f3 Ng5 12. Nc3 Be8 13. h4 Nf7 14. f4 Nh6 15. c5
Rf6 16. Kf2 Rg6 17. Rh1 Ng4+ 18. Kf1 Nf6 19. Rh3 Nh5 20. Qd3 Rg4 21. Nd1 Bf6
22. Nf2 Rg6 23. Qe3 Bd7 24. Nd3 Be7 25. Ne5 Rf6 26. Bd2 Rf8 27. Ba5 Qe8 28. Bf3
Nf6 29. Kg2 h5 30. Rhh1 Ng4 31. Bxg4 fxg4 32. Qd3 Bf6 33. Bc7 Bxe5 34. Bxe5 Qf7
35. Rhe1 Rfd8 36. b4 Be8 37. a4 a6 38. Rab1 Qf5 39. Rb3 g6 40. Reb1 Qxd3 41.
exd3 Kf7 42. Kf2 Bd7 43. R3b2 Rg8 44. Re1 Rge8 45. Ke3 Rg8 46. Kd2 Rge8 47. Kc3
Rg8 48. Ra1 Rge8 49. Rba2 Rg8 50. Bc7 Rgc8 51. Bd6 Re8 52. Re2 Kf6 53. Re5 Kg7
54. a5 Kf6 55. Rae1 Kg7 56. Kd2 Rg8 57. f5 gxf5 58. Ke3 Rae8 59. Kf4 Bc8
1/2-1/2

[Event "XIV Memorial Edoardo Crespi"]
[Site "Milano ITA"]
[Date "1993.12.??"]
[Round "4"]
[White "D'Apa, Stefano"]
[Black "Cazzaniga, Walter"]
[WhiteElo "2225"]
[BlackElo "2013"]
[Result "0-1"]
[PlyCount "92"]
[EventDate "1993.12.06"]

1. e4 e6 2. d4 d5 3. Nd2 Nc6 4. c3 e5 5. c4 dxe4 6. d5 Nd4 7. Nxe4 Bf5 8. Bd3
Bxe4 9. Bxe4 Nf6 10. Bb1 Bb4+ 11. Bd2 Bxd2+ 12. Qxd2 O-O 13. Ne2 c5 14. O-O Qd7
15. f3 Ne8 16. Bd3 Nd6 17. Rfe1 Rfe8 18. Nxd4 exd4 19. b4 Rxe1+ 20. Rxe1 b6 21.
bxc5 bxc5 22. Re5 Re8 23. Qe1 Rxe5 24. Qxe5 f6 25. Qe2 g6 26. f4 Kg7 27. g4 Qe7
28. Kf2 Qxe2+ 29. Kxe2 h6 30. h4 g5 31. fxg5 fxg5 32. hxg5 hxg5 33. Kf3 Kf6 34.
Kg3 Nf7 35. Kf2 Ne5 36. Be2 Ke7 37. Ke1 d3 38. Bf1 Nxc4 39. Bxd3 Ne3 40. Be2
Nxd5 41. Kd2 Kd6 42. Kc2 Ke5 43. Kb3 Kd6 44. a4 Kd7 45. a5 Kc7 46. Kc4 Nb6+ 0-1

[Event "XIV Memorial Edoardo Crespi"]
[Site "Milano ITA"]
[Date "1993.12.??"]
[Round "4"]
[White "Gazzarri, Alberto"]
[Black "Iudicello, Giovanni"]
[WhiteElo "1984"]
[BlackElo "2118"]
[Result "1-0"]
[PlyCount "86"]
[EventDate "1993.12.06"]

1. d4 Nf6 2. Nf3 g6 3. Bg5 Bg7 4. c3 d6 5. h3 Nbd7 6. e3 O-O 7. Nbd2 e5 8. dxe5
dxe5 9. Ne4 Qe7 10. Bc4 h6 11. Bh4 g5 12. Nxf6+ Nxf6 13. Bg3 Ne4 14. Bh2 Nd6
15. Bb3 g4 16. Nd2 gxh3 17. gxh3 Bxh3 18. Qh5 Bf5 19. O-O-O Qf6 20. Rdg1 Kh7
21. Nf3 Bg6 22. Bxe5 Bxh5 23. Bxf6 Bxf6 24. Rxh5 Bg7 25. Nh4 Rae8 26. Bc2+ Kh8
27. Nf3 Ne4 28. Rh2 Re6 29. Rgg2 Bf6 30. Rh1 Bg7 31. Rh4 f5 32. Ng5 Nxg5 33.
Rxg5 Ref6 34. Rgh5 Kg8 35. Bb3+ Kh7 36. Bc2 Kg8 37. Rh1 Kf7 38. R5h2 Ke8 39.
Rh4 Ke7 40. Rf4 Ke6 41. Rg1 Rh8 42. Rd1 Ke5 43. Rfd4 Rd6 1-0

[Event "XIV Memorial Edoardo Crespi"]
[Site "Milano ITA"]
[Date "1993.12.??"]
[Round "4"]
[White "Misiano, Franco"]
[Black "Braunberger, Federico"]
[WhiteElo "1900"]
[BlackElo "2028"]
[Result "1/2-1/2"]
[PlyCount "79"]
[EventDate "1993.12.06"]

1. e4 e6 2. d4 d5 3. Nd2 dxe4 4. Nxe4 Be7 5. Nf3 Nf6 6. Nxf6+ Bxf6 7. Bd3 Nc6
8. c3 e5 9. dxe5 Nxe5 10. Nxe5 Bxe5 11. Bb5+ c6 12. Qxd8+ Kxd8 13. Bc4 f6 14.
a4 Bf5 15. Be3 h5 16. h4 Kc7 17. O-O Rhd8 18. Rfd1 a5 19. Kf1 Bc2 20. Rxd8 Rxd8
21. Ke2 b6 22. Bf7 g6 23. Bc4 Rd7 24. Ke1 Be4 25. Kf1 Bc2 26. Ke1 Re7 27. Kd2
Be4 28. f3 Rd7+ 29. Ke1 Bc2 30. Be2 Re7 31. Kd2 Bb3 32. Bd1 Rd7+ 33. Ke1 Bxd1
34. Rxd1 Rxd1+ 35. Kxd1 f5 36. f4 Bf6 37. Kc2 c5 38. Kd3 Kc6 39. Kc4 Bd8 40.
Bd2 1/2-1/2

[Event "XIV Memorial Edoardo Crespi"]
[Site "Milano ITA"]
[Date "1993.12.??"]
[Round "4"]
[White "Natalucci, Fabrizio"]
[Black "Contini, Luca"]
[WhiteElo "2270"]
[BlackElo "2320"]
[Result "1-0"]
[PlyCount "65"]
[EventDate "1993.12.06"]

1. d4 Nf6 2. Nf3 e6 3. g3 b5 4. a4 b4 5. Bg2 Bb7 6. O-O c5 7. c3 Na6 8. Bf4
cxd4 9. cxd4 Be7 10. Qd3 O-O 11. Be5 g6 12. Nbd2 Nb8 13. Rfc1 Ba6 14. Qe3 Nc6
15. Qh6 Ne8 16. Nc4 f6 17. Bf4 Rf7 18. e4 Bf8 19. Qh3 Bxc4 20. Rxc4 Na5 21. Rc2
Nb3 22. Rf1 Rc8 23. Rxc8 Qxc8 24. e5 Bg7 25. d5 Qc4 26. exf6 Bxf6 27. dxe6 Qxe6
28. Re1 Qxh3 29. Rxe8+ Kg7 30. Bxh3 Bxb2 31. Ne5 Bxe5 32. Bxe5+ Kh6 33. Rg8 1-0

[Event "XIV Memorial Edoardo Crespi"]
[Site "Milano ITA"]
[Date "1993.12.??"]
[Round "4"]
[White "Rizzuti, Pasquale"]
[Black "Vegetti, Emilio"]
[WhiteElo "1882"]
[BlackElo "1870"]
[Result "1-0"]
[PlyCount "125"]
[EventDate "1993.12.06"]

1. e4 d6 2. d4 Nf6 3. Nc3 g6 4. Bg5 Nbd7 5. Qd2 h6 6. Bh4 Bg7 7. Bc4 c5 8. Nf3
cxd4 9. Nxd4 Nc5 10. f3 Bd7 11. O-O e5 12. Ndb5 O-O 13. Bxf6 Qb6 14. Nd5 Nxe4+
15. Nxb6 Nxd2 16. Nxd7 Bxf6 17. Bxf7+ Rxf7 18. Nxf6+ Rxf6 19. Rfd1 Nc4 20. b3
Ne3 21. Rxd6 Rxd6 22. Nxd6 Rd8 23. Ne4 Nxc2 24. Rc1 Rc8 25. Nd6 Rc6 26. Nxb7
Nb4 27. Rxc6 Nxc6 28. Nc5 Kf7 29. Kf2 Ke7 30. Ke3 Nb4 31. a4 Kd6 32. Nd3 Nc6
33. b4 Kd5 34. g4 g5 35. b5 Nd4 36. Nb4+ Kc5 37. Na6+ Kb6 38. Ke4 Ka5 39. Nc5
Kb4 40. Nd3+ Kxa4 41. Nxe5 Nxb5 42. Nf7 Nc3+ 43. Kd3 Kb3 44. Nxh6 a5 45. h4
gxh4 46. g5 h3 47. g6 h2 48. g7 h1=Q 49. g8=Q+ Kb4 50. Qc4+ Ka3 51. Qxc3+ Ka4
52. Qc4+ Ka3 53. Qc5+ Ka4 54. Qc6+ Ka3 55. Ng4 Qd1+ 56. Ke4 Qa4+ 57. Qxa4+ Kxa4
58. Kd4 Kb3 59. Ne3 a4 60. Nc4 Ka2 61. f4 Kb3 62. f5 a3 63. Nxa3 1-0

[Event "XIV Memorial Edoardo Crespi"]
[Site "Milano ITA"]
[Date "1993.12.??"]
[Round "4"]
[White "Sbarra, Marco"]
[Black "Capece, Adolivio"]
[WhiteElo "2005"]
[BlackElo "2205"]
[Result "1/2-1/2"]
[PlyCount "40"]
[EventDate "1993.12.06"]

1. d4 Nf6 2. Nf3 c5 3. c3 e6 4. Bf4 d5 5. e3 Nc6 6. Nbd2 cxd4 7. exd4 Bd7 8.
Bd3 Be7 9. Ne5 a6 10. O-O b5 11. a3 Na5 12. b4 Nc4 13. Ndxc4 dxc4 14. Bc2 Ra7
15. Qf3 Qa8 16. Qxa8+ Rxa8 17. a4 Nd5 18. Bd2 f6 19. Nxd7 Kxd7 20. Be4 Bd6
1/2-1/2

[Event "XIV Memorial Edoardo Crespi"]
[Site "Milano ITA"]
[Date "1993.12.??"]
[Round "4"]
[White "Zanetti, Alberto"]
[Black "Iudicello, Massimo"]
[WhiteElo "2082"]
[BlackElo "1943"]
[Result "1/2-1/2"]
[PlyCount "36"]
[EventDate "1993.12.06"]

1. Nf3 Nf6 2. g3 e6 3. Bg2 d5 4. O-O c5 5. d4 Nc6 6. c4 Ne4 7. cxd5 exd5 8. Nc3
Be7 9. Qb3 c4 10. Qb5 Nxc3 11. bxc3 a6 12. Qb1 f5 13. h4 O-O 14. Bf4 Ba3 15.
Qc2 b5 16. e3 Qa5 17. Nd2 Be6 18. Rab1 Rac8 1/2-1/2

[Event "XIV Memorial Edoardo Crespi"]
[Site "Milano ITA"]
[Date "1993.12.??"]
[Round "5"]
[White "Braunberger, Federico"]
[Black "D'Apa, Stefano"]
[WhiteElo "2028"]
[BlackElo "2225"]
[Result "1-0"]
[PlyCount "114"]
[EventDate "1993.12.06"]

1. Nf3 Nf6 2. c4 g6 3. Nc3 Bg7 4. g3 d6 5. d4 O-O 6. Bg2 Nbd7 7. O-O e5 8. e4
Re8 9. h3 c6 10. Be3 Qc7 11. Rc1 Nf8 12. d5 N6d7 13. Qd2 c5 14. b4 b6 15. Nb5
Qb8 16. bxc5 Nxc5 17. Bxc5 bxc5 18. Rb1 Re7 19. Rb3 Rb7 20. Rfb1 Rb6 21. Qa5
Nd7 22. Ne1 Bf6 23. Nd3 Bd8 24. Qd2 a6 25. Nc3 Rxb3 26. Rxb3 Qc7 27. Nd1 Rb8
28. Qb2 Nb6 29. Ne3 Bd7 30. Qe2 Ba4 31. Rb2 Nd7 32. h4 Bf6 33. Bh3 Bg7 34.
Rxb8+ Nxb8 35. Qb2 Bd7 36. Bxd7 Nxd7 37. Kg2 f5 38. f3 Nf6 39. exf5 e4 40. fxe4
Nxe4 41. Qe2 Qf7 42. Qg4 Nd2 43. Nf4 h5 44. Qe2 Ne4 45. fxg6 Qf6 46. Nxh5 Qxg6
47. Nf1 Be5 48. Kh3 Qf5+ 49. Kg2 Nc3 50. Qf3 Qc2+ 51. Kh3 Nxa2 52. Nf6+ Bxf6
53. Qxf6 Qxc4 54. Qd8+ Kf7 55. Qd7+ Kg8 56. Qe8+ Kg7 57. Ne3 Qc1 1-0

[Event "XIV Memorial Edoardo Crespi"]
[Site "Milano ITA"]
[Date "1993.12.??"]
[Round "5"]
[White "Cazzaniga, Walter"]
[Black "Zanetti, Alberto"]
[WhiteElo "2013"]
[BlackElo "2082"]
[Result "1-0"]
[PlyCount "101"]
[EventDate "1993.12.06"]

1. d4 Nf6 2. c4 e6 3. Nf3 b6 4. g3 Bb7 5. Bg2 Be7 6. O-O O-O 7. d5 Ne4 8. Nfd2
exd5 9. cxd5 Nxd2 10. Nxd2 c6 11. Nc4 cxd5 12. Bxd5 Bxd5 13. Qxd5 Na6 14. Rd1
Rc8 15. Qb5 Nc5 16. Bf4 d5 17. Rac1 Qe8 18. Qxe8 Rfxe8 19. Rxd5 Ne4 20. Be3 Nf6
21. Rdd1 h6 22. h3 Bc5 23. Kf1 Re7 24. Nd6 Rd8 25. Bxc5 bxc5 26. Ke1 Rb8 27.
Rd2 Rc7 28. f3 g6 29. Nc4 Kf8 30. e4 Nh5 31. Kf2 Ng7 32. f4 Ne6 33. Ne5 Rbb7
34. Nf3 c4 35. Ne5 Nc5 36. Rxc4 f6 37. Rxc5 Rxc5 38. Nd7+ Rxd7 39. Rxd7 a5 40.
Rd2 Ke7 41. Ke3 h5 42. h4 Ke6 43. Kf3 Rb5 44. g4 Rc5 45. gxh5 gxh5 46. Ke3 Rb5
47. Rc2 Kd6 48. b3 a4 49. Rc3 axb3 50. axb3 Ra5 51. Kd4 1-0

[Event "XIV Memorial Edoardo Crespi"]
[Site "Milano ITA"]
[Date "1993.12.??"]
[Round "5"]
[White "Contini, Luca"]
[Black "Gazzarri, Alberto"]
[WhiteElo "2320"]
[BlackElo "1984"]
[Result "1-0"]
[PlyCount "107"]
[EventDate "1993.12.06"]

1. d4 d5 2. c4 c6 3. Nf3 Nf6 4. Nc3 g6 5. Bf4 Bg7 6. e3 O-O 7. h3 Ne4 8. Qb3
Nxc3 9. bxc3 b6 10. Qa3 Nd7 11. cxd5 cxd5 12. Be2 Bb7 13. O-O Re8 14. Rfc1 e6
15. Rab1 Bf8 16. Qb3 Qe7 17. Bb5 Red8 18. a4 Rac8 19. Ra1 Nb8 20. Nd2 a6 21.
Be2 Nd7 22. Nf3 Rc6 23. Ne1 Rdc8 24. Nd3 Kg7 25. Nb4 Qxb4 26. cxb4 Rxc1+ 27.
Rxc1 Rxc1+ 28. Kh2 f6 29. Qb2 Rc8 30. h4 h6 31. h5 g5 32. Qb1 f5 33. Be5+ Nxe5
34. dxe5 Be7 35. Qb2 Bd8 36. a5 b5 37. Qd4 Kf7 38. Bd3 Rc7 39. e4 fxe4 40. Bxe4
Ke7 41. Bd3 Kd7 42. Be2 Rc6 43. Bg4 Bc7 44. Qxd5+ Ke7 45. Qe4 Kd8 46. Bf3 Kc8
47. Qh7 Bxe5+ 48. g3 Rc7 49. Qg8+ Kd7 50. Bxb7 Rxb7 51. Qf7+ Kc6 52. Qxe6+ Bd6
53. Qc8+ Bc7 54. Kg2 1-0

[Event "XIV Memorial Edoardo Crespi"]
[Site "Milano ITA"]
[Date "1993.12.??"]
[Round "5"]
[White "Iudicello, Giovanni"]
[Black "Cappello, Guido"]
[WhiteElo "2118"]
[BlackElo "2285"]
[Result "1-0"]
[PlyCount "71"]
[EventDate "1993.12.06"]

1. e4 e6 2. Qe2 b6 3. f4 Bb7 4. Nf3 Nf6 5. d3 c5 6. g3 c4 7. Bg2 cxd3 8. cxd3
Bc5 9. Be3 Qe7 10. Nc3 Na6 11. O-O Bxe3+ 12. Qxe3 Nb4 13. Rfc1 O-O 14. a3 Nc6
15. b4 d6 16. d4 Rfd8 17. Ra2 Rd7 18. Rac2 Rad8 19. Nd1 Nb8 20. Nf2 Qe8 21. e5
Nd5 22. Qe1 Rc8 23. Rxc8 Bxc8 24. Ne4 dxe5 25. dxe5 Rc7 26. Nd6 Qd8 27. Ng5 Bb7
28. Rxc7 Qxc7 29. Ngxf7 Ba8 30. Ng5 Qc2 31. Nxe6 Nd7 32. Nd4 Qb2 33. N4b5 a6
34. e6 N7f6 35. e7 Ne8 36. Qe6+ 1-0

[Event "XIV Memorial Edoardo Crespi"]
[Site "Milano ITA"]
[Date "1993.12.??"]
[Round "5"]
[White "Iudicello, Marco"]
[Black "Rizzuti, Pasquale"]
[WhiteElo "2025"]
[BlackElo "1882"]
[Result "1-0"]
[PlyCount "59"]
[EventDate "1993.12.06"]

1. e4 c5 2. Nc3 e6 3. g3 Nc6 4. Bg2 g6 5. d3 Bg7 6. Be3 Nd4 7. Qd2 Ne7 8. Nd1
e5 9. c3 Ne6 10. Bh6 b5 11. Nf3 O-O 12. Bxg7 Kxg7 13. Nxe5 Bb7 14. Ng4 Ng8 15.
Nde3 h5 16. Ne5 f5 17. Nxg6 Rf6 18. Nh4 Nh6 19. e5 Bxg2 20. exf6+ Qxf6 21.
Nexg2 d5 22. O-O Ng5 23. Nf4 Qf7 24. Rfe1 d4 25. cxd4 cxd4 26. Qb4 Ng8 27.
Qxd4+ Kh7 28. Re3 Rf8 29. Nfg6 Rc8 30. Qh8# 1-0

[Event "XIV Memorial Edoardo Crespi"]
[Site "Milano ITA"]
[Date "1993.12.??"]
[Round "5"]
[White "Iudicello, Massimo"]
[Black "Sbarra, Marco"]
[WhiteElo "1943"]
[BlackElo "2005"]
[Result "0-1"]
[PlyCount "158"]
[EventDate "1993.12.06"]

1. e4 e5 2. Nf3 d6 3. d4 Nf6 4. Nc3 Nbd7 5. Bg5 c6 6. Be2 Be7 7. O-O O-O 8. a4
Re8 9. Qd2 Qc7 10. Rfd1 Nf8 11. h3 Ng6 12. Be3 b6 13. Nh2 Bb7 14. Ng4 Rad8 15.
Nxf6+ Bxf6 16. d5 c5 17. Nb5 Qb8 18. Bg5 Bxg5 19. Qxg5 a6 20. Na3 Nf4 21. Bf1
Bc8 22. Nc4 b5 23. axb5 axb5 24. Ne3 h6 25. Qg3 Qb7 26. Ra5 Bd7 27. Nf5 Bxf5
28. Rxb5 Qd7 29. exf5 Qxf5 30. c4 Qc2 31. Qb3 Qxb3 32. Rxb3 Ra8 33. Rb6 Red8
34. b4 cxb4 35. Rb1 Ra2 36. R1xb4 Ra1 37. Rb8 Ra8 38. Rxa8 Rxa8 39. Rb6 Rd8 40.
g3 Nh5 41. Bd3 Kf8 42. Kf1 Ke7 43. Ke2 Rd7 44. Kd2 Nf6 45. Kc3 Ra7 46. Bc2 Nd7
47. Rc6 Nc5 48. Rb6 Ra3+ 49. Kb2 Rf3 50. Rc6 Kd7 51. Bd1 Rxf2+ 52. Kc3 Ne4+ 53.
Kd3 Nc5+ 54. Ke3 Ra2 55. Bg4+ Ke7 56. Rc7+ Kf6 57. Rc6 Ra6 58. Bc8 Ra3+ 59. Ke2
Ke7 60. Bg4 g6 61. Rc7+ Kf8 62. Rc8+ Kg7 63. Rc7 Rb3 64. Bc8 Kf6 65. Rc6 Ke7
66. Rc7+ Kd8 67. Rc6 Rxg3 68. Rxd6+ Kxc8 69. Rc6+ Kd7 70. Rxc5 Rxh3 71. Rc6 e4
72. Kd2 Rd3+ 73. Kc2 h5 74. Rb6 Ke7 75. Rb7+ Kf6 76. Rd7 h4 77. Rd8 h3 78. Rh8
Kg7 79. Rh4 f5 0-1

[Event "XIV Memorial Edoardo Crespi"]
[Site "Milano ITA"]
[Date "1993.12.??"]
[Round "5"]
[White "Radovanovic, Jovica"]
[Black "Misiano, Franco"]
[WhiteElo "2230"]
[BlackElo "1900"]
[Result "0-1"]
[PlyCount "96"]
[EventDate "1993.12.06"]

1. e4 e6 2. d4 d5 3. Nc3 Bb4 4. e5 c5 5. a3 Bxc3+ 6. bxc3 Ne7 7. a4 Nbc6 8. Nf3
Qa5 9. Bd2 Bd7 10. Bb5 a6 11. Be2 f6 12. c4 Qc7 13. cxd5 Nxd5 14. dxc5 Nxe5 15.
O-O Ng6 16. g3 Qxc5 17. c4 Nde7 18. Rb1 Qc7 19. Qb3 e5 20. Qxb7 Qxb7 21. Rxb7
Bxa4 22. Ra1 Bc6 23. Rb6 Kd7 24. Rbxa6 Rxa6 25. Rxa6 Rb8 26. Ra7+ Ke8 27. Be3
Rb1+ 28. Kg2 f5 29. Bc5 Re1 30. Ra2 f4 31. Kh3 Rxe2 32. Rxe2 Bxf3 33. Rd2 h5
34. gxf4 exf4 35. Bd6 Kf7 36. Bxf4 Bg4+ 37. Kg2 Nxf4+ 38. Kg3 g5 39. f3 Be6 40.
c5 h4+ 41. Kf2 Kf6 42. Rd8 Ke5 43. Rd2 Bf5 44. Rd1 Nd3+ 45. Ke2 Nxc5 46. Ke3
Nd5+ 47. Kf2 Nd3+ 48. Kg2 Ne3+ 0-1

[Event "XIV Memorial Edoardo Crespi"]
[Site "Milano ITA"]
[Date "1993.12.??"]
[Round "5"]
[White "Tortarolo, Massimiliano"]
[Black "Natalucci, Fabrizio"]
[WhiteElo "2250"]
[BlackElo "2270"]
[Result "1/2-1/2"]
[PlyCount "72"]
[EventDate "1993.12.06"]

1. e4 c5 2. Nf3 d6 3. d4 cxd4 4. Nxd4 Nf6 5. Nc3 g6 6. Be2 Bg7 7. O-O Nc6 8.
Nb3 O-O 9. Re1 Be6 10. Bf1 Rc8 11. Nd5 Ne5 12. Bg5 h6 13. Nxf6+ exf6 14. Be3 f5
15. exf5 Bxf5 16. c3 Ng4 17. Bd4 Ne5 18. f4 Nc6 19. Bxg7 Kxg7 20. Qd2 Qf6 21.
Be2 Rcd8 22. Bf3 d5 23. Qf2 Be6 24. g3 g5 25. Bg2 gxf4 26. Qxf4 Qxf4 27. gxf4
Kf6 28. Kf2 Rg8 29. Bf3 Bg4 30. Rad1 Bxf3 31. Kxf3 h5 32. Rd2 Rg4 33. Nd4 Rh4
34. Kg3 Rg4+ 35. Kf3 Rh4 36. Kg3 Rg4+ 1/2-1/2

[Event "XIV Memorial Edoardo Crespi"]
[Site "Milano ITA"]
[Date "1993.12.??"]
[Round "5"]
[White "Vegetti, Emilio"]
[Black "Capece, Adolivio"]
[WhiteElo "1870"]
[BlackElo "2205"]
[Result "0-1"]
[PlyCount "86"]
[EventDate "1993.12.06"]

1. e4 c5 2. c3 Nf6 3. e5 Nd5 4. d4 e6 5. Bc4 Nb6 6. Bb3 Nc6 7. Nf3 d5 8. O-O h6
9. Be3 cxd4 10. cxd4 Na5 11. Bc2 Bd7 12. Nbd2 Bb5 13. Re1 Rc8 14. a3 Be7 15.
Rc1 O-O 16. b4 Nac4 17. Nxc4 dxc4 18. Qe2 Qd5 19. Bb1 Ba4 20. Qd2 c3 21. Rxc3
Rxc3 22. Qxc3 Qc4 23. Qd2 Rc8 24. Bxh6 gxh6 25. Qxh6 Bc2 26. Rc1 Qe2 27. Re1
Qd3 28. Bxc2 Qxc2 29. h4 Qg6 30. Qf4 Nd5 31. Qh2 Rc3 32. Qh3 Nf4 33. Qh2 Rxf3
34. Kh1 Rxf2 35. Rc1 Qxg2+ 36. Qxg2+ Rxg2 37. h5 Rg5 38. Rc7 Rxh5+ 39. Kg1 Bh4
40. Rxb7 Ne2+ 41. Kg2 Nxd4 42. Rxa7 Rxe5 43. a4 Be1 0-1

[Event "XIV Memorial Edoardo Crespi"]
[Site "Milano ITA"]
[Date "1993.12.??"]
[Round "6"]
[White "Capece, Adolivio"]
[Black "Zanetti, Alberto"]
[WhiteElo "2205"]
[BlackElo "2082"]
[Result "0-1"]
[PlyCount "48"]
[EventDate "1993.12.06"]

1. c4 e5 2. Nc3 f5 3. g3 Nf6 4. Bg2 g6 5. d3 Bg7 6. Bg5 h6 7. Bd2 c6 8. Nf3 Qe7
9. Rb1 d5 10. cxd5 g5 11. dxc6 Nxc6 12. h4 g4 13. Nh2 Be6 14. Qa4 O-O 15. O-O
f4 16. Ne4 Nd5 17. Qa3 Qf7 18. Nd6 Qd7 19. Qc5 b6 20. Qa3 Nd4 21. Nxg4 Nxe2+
22. Kh2 f3 23. Bh3 Bxg4 24. Bxg4 Qxg4 0-1

[Event "XIV Memorial Edoardo Crespi"]
[Site "Milano ITA"]
[Date "1993.12.??"]
[Round "6"]
[White "Cazzaniga, Walter"]
[Black "Iudicello, Giovanni"]
[WhiteElo "2013"]
[BlackElo "2118"]
[Result "1-0"]
[PlyCount "89"]
[EventDate "1993.12.06"]

1. d4 Nf6 2. c4 g6 3. Nc3 Bg7 4. e4 d6 5. f3 O-O 6. Be3 e5 7. Nge2 exd4 8. Nxd4
c6 9. Be2 d5 10. cxd5 cxd5 11. e5 Ne8 12. f4 f6 13. Qb3 fxe5 14. fxe5 Bxe5 15.
O-O-O Nc7 16. Nxd5 Nxd5 17. Bc4 Kh8 18. Bxd5 Qc7+ 19. Kb1 Nc6 20. Nf3 Bf5+ 21.
Ka1 Bg7 22. h4 Na5 23. Qb4 Nc6 24. Qc4 Qa5 25. Bxc6 bxc6 26. Bd4 Rae8 27. Ng5
Bxd4 28. Qxd4+ Qe5 29. Qxa7 Re7 30. Qd4 Qxd4 31. Rxd4 h6 32. Nf3 Re2 33. Rd2
Rxd2 34. Nxd2 Re8 35. Rf1 Re2 36. Nb1 Be4 37. g3 Re3 38. Nc3 Bd5 39. a3 Be6 40.
Kb1 Bb3 41. Kc1 Kg7 42. Kd2 Rxg3 43. Rf2 c5 44. Ke2 Rg4 45. Ke3 1-0

[Event "XIV Memorial Edoardo Crespi"]
[Site "Milano ITA"]
[Date "1993.12.??"]
[Round "6"]
[White "Contini, Luca"]
[Black "Iudicello, Marco"]
[WhiteElo "2320"]
[BlackElo "2025"]
[Result "1-0"]
[PlyCount "75"]
[EventDate "1993.12.06"]

1. d4 e6 2. c4 f5 3. Nf3 d5 4. h3 Nf6 5. g4 Ne4 6. Nc3 c6 7. Rg1 Nd7 8. gxf5
exf5 9. cxd5 cxd5 10. Nxd5 Qa5+ 11. Nc3 Bb4 12. Bd2 Nxd2 13. Qxd2 O-O 14. a3
Bxc3 15. Qxc3 Qxc3+ 16. bxc3 Nb6 17. Ne5 Be6 18. e3 Rac8 19. Rc1 Bd5 20. Bd3
Be6 21. f4 Rf6 22. c4 Kf8 23. Kd2 Rh6 24. Rg3 Na4 25. d5 Bxd5 26. cxd5 Rxc1 27.
Kxc1 Nc3 28. Kc2 Nxd5 29. Bxf5 Ra6 30. Kb3 g6 31. Bd3 Rd6 32. Rf3 Ke7 33. Nc4
Rd7 34. Bc2 b5 35. Ne5 Rc7 36. e4 Nb6 37. Rc3 Rb7 38. Kb4 1-0

[Event "XIV Memorial Edoardo Crespi"]
[Site "Milano ITA"]
[Date "1993.12.??"]
[Round "6"]
[White "D'Apa, Stefano"]
[Black "Vegetti, Emilio"]
[WhiteElo "2225"]
[BlackElo "1870"]
[Result "1/2-1/2"]
[PlyCount "62"]
[EventDate "1993.12.06"]

1. d4 Nf6 2. Nf3 g6 3. Bf4 Bg7 4. e3 O-O 5. Be2 d6 6. h3 c5 7. Nbd2 Nc6 8. c3
cxd4 9. cxd4 Bf5 10. a3 Qd7 11. O-O h5 12. Bc4 Rae8 13. Qe2 e5 14. dxe5 dxe5
15. Bh2 Rd8 16. e4 Be6 17. Bb5 Nd4 18. Nxd4 Qxd4 19. Nf3 Qxe4 20. Bxe5 Qxe2 21.
Bxe2 Ne4 22. Bxg7 Kxg7 23. Rad1 Bb3 24. Rxd8 Rxd8 25. Rc1 Rd7 26. h4 Re7 27.
Nd4 Bd5 28. Kf1 Nd2+ 29. Ke1 Nc4 30. Rc2 Ne5 31. Kf1 Nc6 1/2-1/2

[Event "XIV Memorial Edoardo Crespi"]
[Site "Milano ITA"]
[Date "1993.12.??"]
[Round "6"]
[White "Gazzarri, Alberto"]
[Black "Tortarolo, Massimiliano"]
[WhiteElo "1984"]
[BlackElo "2250"]
[Result "0-1"]
[PlyCount "57"]
[EventDate "1993.12.06"]

1. Nf3 d5 2. d4 Nf6 3. Bf4 e6 4. e3 c5 5. c3 Nc6 6. Nbd2 Bd6 7. Bxd6 Qxd6 8.
Bb5 Bd7 9. O-O O-O 10. Bxc6 Bxc6 11. Ne5 Bb5 12. Re1 Rfd8 13. f4 Rac8 14. Qf3
Ne8 15. Qg3 f6 16. Nef3 f5 17. Ne5 Nf6 18. Qh4 Be8 19. h3 b5 20. g4 b4 21. dxc5
Rxc5 22. Nd3 bxc3 23. bxc3 Rxc3 24. Ne5 d4 25. e4 Nxe4 26. Rxe4 fxe4 27. Nxe4
Qc7 28. Kh2 Rb8 29. Qg5 0-1

[Event "XIV Memorial Edoardo Crespi"]
[Site "Milano ITA"]
[Date "1993.12.??"]
[Round "6"]
[White "Marzano, Carlo"]
[Black "Misiano, Franco"]
[WhiteElo "2235"]
[BlackElo "1900"]
[Result "1-0"]
[PlyCount "105"]
[EventDate "1993.12.06"]

1. d4 d5 2. Nf3 Nf6 3. Bg5 e6 4. Nbd2 Be7 5. e3 c5 6. c3 Nbd7 7. Bd3 b6 8. O-O
Bb7 9. Qb1 Qc7 10. b4 c4 11. Bc2 a6 12. e4 h6 13. Bxf6 Bxf6 14. e5 Be7 15. Ne1
O-O-O 16. f4 g6 17. Qd1 h5 18. g3 Kb8 19. Ng2 Bc6 20. Nf3 Nf8 21. Ng5 Be8 22.
Ba4 Nd7 23. h3 Rc8 24. Qe2 Qb7 25. Kf2 Rc7 26. Rh1 Rc8 27. Nf3 b5 28. Bc2 Nb6
29. g4 Bd7 30. f5 hxg4 31. hxg4 gxf5 32. gxf5 exf5 33. Rxh8 Rxh8 34. e6 Re8 35.
exf7 Bh4+ 36. Ngxh4 Rxe2+ 37. Kxe2 Qc8 38. Rg1 Be6 39. Rg8 Bxf7 40. Rxc8+ Kxc8
41. Nxf5 Kc7 42. Ne5 Be6 43. Ke3 Kd8 44. Kf4 Kc7 45. Kg5 Bxf5 46. Kxf5 Kd6 47.
Kf6 Kc7 48. Ke6 Kb7 49. Nd7 Nc8 50. Kxd5 Ne7+ 51. Ke6 Nc8 52. Be4+ Ka7 53. a3
1-0

[Event "XIV Memorial Edoardo Crespi"]
[Site "Milano ITA"]
[Date "1993.12.??"]
[Round "6"]
[White "Natalucci, Fabrizio"]
[Black "Lanzani, Mario"]
[WhiteElo "2270"]
[BlackElo "2280"]
[Result "0-1"]
[PlyCount "80"]
[EventDate "1993.12.06"]

1. d4 Nf6 2. Nf3 e6 3. g3 c5 4. Bg2 d5 5. O-O Nc6 6. b3 Be7 7. Bb2 O-O 8. e3
cxd4 9. Nxd4 Nxd4 10. Qxd4 Qc7 11. Ba3 e5 12. Qb2 Bf5 13. Bxe7 Qxe7 14. a4 Rfd8
15. Na3 Be4 16. c4 Bxg2 17. Kxg2 Qe6 18. Rfd1 Ne4 19. cxd5 Rxd5 20. f3 Ng5 21.
Rxd5 Qxd5 22. e4 Qe6 23. g4 Qf6 24. Rf1 Ne6 25. Nc4 Nf4+ 26. Kh1 Re8 27. Qd2 h5
28. Qd7 Rd8 29. Qf5 Qxf5 30. gxf5 f6 31. Na5 Rd7 32. b4 h4 33. b5 h3 34. Nc4
Rd4 35. Nb2 Rb4 36. Nd1 Rxa4 37. Nc3 Ra3 38. Nd5 Nxd5 39. exd5 Rd3 40. b6 axb6
0-1

[Event "XIV Memorial Edoardo Crespi"]
[Site "Milano ITA"]
[Date "1993.12.??"]
[Round "6"]
[White "Radovanovic, Jovica"]
[Black "Iudicello, Massimo"]
[WhiteElo "2230"]
[BlackElo "1943"]
[Result "1-0"]
[PlyCount "87"]
[EventDate "1993.12.06"]

1. e4 e5 2. Nf3 Nc6 3. Bb5 a6 4. Ba4 Nf6 5. O-O Be7 6. Qe2 b5 7. Bb3 d6 8. c3
O-O 9. d4 Bg4 10. Rd1 Qc8 11. h3 Bh5 12. d5 Na5 13. Bc2 c6 14. dxc6 Qxc6 15.
Nbd2 Rfc8 16. Bd3 Nc4 17. Nxc4 bxc4 18. Bc2 Bg6 19. Re1 Nd7 20. Bd2 Qb5 21.
Rab1 d5 22. b3 Bf6 23. a4 Qc6 24. exd5 Qxd5 25. Bxg6 hxg6 26. b4 Re8 27. Qe4
Qd3 28. Re3 Qxe4 29. Rxe4 Rac8 30. Rbe1 Re6 31. g4 g5 32. Bxg5 Bxg5 33. Nxg5
Rd6 34. R4e3 f6 35. Ne4 Rc5 36. a5 Kf7 37. R1e2 Nf8 38. Nxc5 Rc6 39. Kh2 Ng6
40. Re4 Nf4 41. Rc2 Nd3 42. Na4 Nf4 43. Nb2 Rc8 44. Rxc4 1-0